000 00491nam a22001817a 4500
999 _c3348
_d3305
008 170407b xxu||||| |||| 00| | tur d
020 _a9750805798
041 _atur
050 _aPL248.B468
100 _aBener, Vüs'at O.
_91092
245 _aDost Yaşamasız
250 _a2. Baskı
260 _aİstanbul:
_bİletişim Yayınları,
_cOcak 2006
300 _a268 sayfa
500 _aYapı Kredi Yayınları: 1823; Edebiyat: 505
650 0 _9145
_aTürk Edebiyatı
942 _2lcc
_cBK